000 00648nam a2200205 4500
001 121885
003 ES-MaACL
005 20250725063209.0
007 t|
008 070214q1953 sp r ||||1| spa d
100 0 _aPlutarco
_992678
245 1 0 _aVidas de grandes hombres /
_cPlutarco ; traducción, adaptación y notas por R. Ballester Escalas.
260 _aBarcelona :
_bMateu,
_c[1953?]
300 _a239 p. :
_bil. ;
_c20 cm.
490 1 _aClásicos Cadete ;
_v5
700 1 _aBallester Escalas, R.
_925014
830 0 _aClásicos Cadete ;
_v5
_9230160
852 _aES-MaACL
_jC-7890
_bR.35291
999 _c121885
_d121885